| 000 | 01022nam a22003017a 4500 | ||
|---|---|---|---|
| 003 | CHAP | ||
| 005 | 20220329133459.0 | ||
| 008 | 971013s1991 r 00010 d | ||
| 010 | _a6876 | ||
| 011 | _a7848 | ||
| 035 | _a7073 | ||
| 040 | _cCHAP | ||
| 090 | _aFolleto 14121 | ||
| 100 | 0 | 0 |
_aMolina, José Q. _977409 |
| 245 | _aPlanned health programs for small-scale livestock farms in the Philippines | ||
| 260 |
_aTaipei, Taiwan : _bFood & Fertilizer Technology Center, _c1991 |
||
| 300 | _a10 p. | ||
| 490 |
_aFood & Fertilizer Technology Center. Extension bulletin _v; 337 |
||
| 590 |
_aBATCH-UPD _b10 _c20130110 _lUCH01 _h2153 |
||
| 590 |
_aBATCH-UPD _b10 _c20130410 _lUCH01 _h1501 |
||
| 590 |
_aBATCH-UPD _b10 _c20130914 _lUCH01 _h1455 |
||
| 590 |
_aCONVERSION _b10 _c20130109 _lUCH01 _h1305 |
||
| 650 | 1 | 4 |
_aGanaderÃa _xFilipinas. _944736 |
| 830 | 0 |
_aFood & Fertilizer Technology Center. Extension bulletin _v; 337 _942176 |
|
| 901 | _aBK | ||
| 942 | _cFOLL | ||
| 949 |
_aFolleto 14121 _bBC _cFOLL _d-16866 _eTS1 _i7073 _si |
||
| 999 |
_c6876 _d6876 |
||